000 010170000a22001810004500
001 14434
041 0 _aSPA
082 0 4 _aG 261 S944n
100 1 _aSuess, Paulo
245 1 0 _aLa nueva evangelización : Desafíos históricos y pautas culturales / Paulo Suess ; María Victoria C. de Vela, Traductor
260 _aQuito : Abya-yala
300 _a237 Pág.
505 0 0 _a- La evangelización de los pueblos indígenas: Datos históricos y desafíos actuales - La multiplicidad de voces en la conquista espiritual de América: Lógica y testimonios de la cristiandad colonial - Cultura y religión - Papel creador y normativo de la religiosidad popular en la Iglesia - La Nueva Evangelización y la causa indígena - Orientaciones para una espiritualidad misionera - La causa indígnea en la caminata y la propuesta del CIMI 1972-1989 - Inculturación: desafíos, caminos y metas.
942 _cBK
999 _c43297
_d43297
336 _atexto
_btxt
_2rdacontent
337 _2rdamedia
_asin mediación
_bn
338 _2rdacarrier
_avolumen
_bnc